Normal view MARC view
  • Kurmi,R.s & Gupta, J.K

Entry Personal Name

Number of records used in: 2

001 - CONTROL NUMBER

  • control field: 3414

003 - CONTROL NUMBER IDENTIFIER

  • control field: OSt

005 - DATE AND TIME OF LATEST TRANSACTION

  • control field: 20160701140111.0

008 - FIXED-LENGTH DATA ELEMENTS

  • fixed length control field: 160701|| aca||aabn | a|a d

040 ## - CATALOGING SOURCE

  • Original cataloging agency: OSt
  • Transcribing agency: OSt

100 ## - HEADING--PERSONAL NAME

  • Personal name: Kurmi,R.s & Gupta, J.K

670 ## - SOURCE DATA FOUND

  • Source citation: Work cat.: (OSt): Kurmi,R.s & Gupta, J.K, Theory of machines, 2015